000 00322nam a2200145Ia 4500
100 _aTropper/ R.H.
942 _cBK
654 _aComputer
245 _aProgramming in Assembly Languages M the IBM PC
260 _bJaico Pub
_aBombay
_c1994
082 _a5.136
_bTRO
300 _a648
546 _aENGLISH
999 _c31564
_d31564